[Event "Large KO, SC <1800"]
[Site "SchemingMind.com"]
[Date "2007.06.29"]
[Round "-"]
[White "echecs"]
[Black "bdenley"]
[Result "1-0"]
[WhiteCountry "ENG"]
[BlackCountry "USA"]
[WhiteElo "1800"]
[WhiteRD "63"]
[BlackElo "1617"]
[BlackRD "65"]
[GameID "110913"]

1. e4 c5 2. c3 d5 3. Qa4+ Nc6 4. Bb5 Qd7 5. exd5 Qxd5 6. Nf3 Bd7 7. Bc4 Qe4+ 8. Kf1 e6 9. d3 Qf5 10. Qd1 Nf6
11. Nbd2 a6 12. Nh4 Qg4 13. Ndf3 Ne5 14. h3 Qh5 15. g4 Nexg4 16. hxg4 Qxg4 17. Be3 b5 18. Bb3 Bc6 19. Rg1 Qh3+ 20. Ke1 Rd8
21. Bc2 c4 22. d4 g6 23. Qe2 Nd5 24. Rb1 Be7 25. Rg3
1-0